[Event "Chigorin Memorial 27th"]
[Site "St Petersburg"]
[Date "2019.10.07"]
[Round "3"]
[White "Kalashnikov, Fedor"]
[Black "Ageeva, Vasilisa"]
[Result "1/2-1/2"]
[WhiteElo "1387"]
[BlackElo "1742"]
[PlyCount "62"]
[EventDate "2019.10.05"]
[EventType "swiss"]
[EventRounds "9"]
[EventCountry "RUS"]
[SourceTitle "EXT 2020"]
[Source "ChessBase"]
[SourceDate "2019.10.17"]
[SourceVersion "1"]
[SourceVersionDate "2019.10.17"]
[SourceQuality "1"]

1. e4 c5 2. Nf3 e6 3. d4 cxd4 4. Nxd4 Nf6 5. f3 Nc6 6. Nc3 Bb4 7. Bg5 Qa5 8. Ndb5 a6 9. Bxf6 gxf6 10. Nd6+ Ke7 11. Nc4 Bxc3+ 12. bxc3 Qxc3+ 13. Kf2 Qd4+ 14. Qxd4 Nxd4 15. c3 Nc6 16. Nb6 Rb8 17. Rd1 Rd8 18. Be2 d6 19. Rd2 Na5 20. Rhd1 d5 21. exd5 Rd6 22. Nc4 Nxc4 23. Bxc4 b5 24. Bb3 Bb7 25. dxe6 Rxd2+ 26. Rxd2 fxe6 27. Re2 e5 28. f4 Rc8 29. Re3 Kd6 30. Rd3+ Ke7 31. Re3 Kd6 1/2-1/2

[Event "Chigorin Memorial 27th"]
[Site "St Petersburg"]
[Date "2019.10.05"]
[Round "1"]
[White "Kalashnikov, Fedor"]
[Black "Pavlov, Mark"]
[Result "0-1"]
[WhiteElo "1387"]
[BlackElo "2095"]
[PlyCount "87"]
[EventDate "2019.10.05"]
[EventType "swiss"]
[EventRounds "9"]
[EventCountry "RUS"]
[SourceTitle "EXT 2020"]
[Source "ChessBase"]
[SourceDate "2019.10.17"]
[SourceVersion "1"]
[SourceVersionDate "2019.10.17"]
[SourceQuality "1"]

1. e4 e6 2. d4 d5 3. Nd2 c5 4. exd5 exd5 5. Bb5+ Bd7 6. Bxd7+ Nxd7 7. Ngf3 Ngf6 8. 0-0 Be7 9. Re1 0-0 10. Nf1 c4 11. Ng3 g6 12. Bg5 Re8 13. Ne5 Nf8 14. c3 Ne6 15. Bxf6 Bxf6 16. Qf3 Ng5 17. Qf4 Bxe5 18. Rxe5 Rxe5 19. Qxe5 f6 20. Qe2 Qe8 21. Re1 Qxe2 22. Rxe2 Kf7 23. f3 Ne6 24. Rd2 Nf4 25. Ne2 Nd3 26. g3 g5 27. Kg2 b5 28. a3 a5 29. h3 Rb8 30. f4 b4 31. axb4 axb4 32. h4 h6 33. Kf3 b3 34. fxg5 hxg5 35. hxg5 fxg5 36. Ng1 Ra8 37. Nh3 Kf6 38. Nf2 Ne1+ 39. Ke2 Ng2 40. Ng4+ Kg7 41. Rd1 Ra2 42. Ne5 Rxb2+ 43. Kf3 Ra2 44. Kg4 0-1